Online
Catalog

Sobre un montón de lentejas / (Record no. 9168)

MARC details
000 -CABECERA
campo de control de longitud fija 00698nam a22002297a 4500
001 - NÚMERO DE CONTROL
campo de control 000009408
005 - FECHA Y HORA DE LA ÚLTIMA TRANSACCIÓN
campo de control 20200929161602.0
008 - DATOS DE LONGITUD FIJA--INFORMACIÓN GENERAL
campo de control de longitud fija 920219s1989 cu 000 0 spa
010 ## - NÚMERO DE CONTROL DE LA BIBLIOTECA DEL CONGRESO
Número de control de LC 92119129
040 ## - FUENTE DE LA CATALOGACIÓN
Centro catalogador/agencia de origen DO-SdBNP
Centro/agencia transcriptor DLC
Centro/agencia modificador BNPHU
082 ## - NÚMERO DE LA CLASIFICACIÓN DECIMAL DEWEY
Número de clasificación Cu863.44
Número de documento/Ítem A457s
049 ## - FONDOS LOCALES (OCLC)
Fondos de biblioteca BNGR
100 1# - ENTRADA PRINCIPAL--NOMBRE DE PERSONA
Nombre de persona Alpízar Castillo, Rodolfo,
Fechas asociadas al nombre 1947-
9 (RLIN) 24194
245 10 - MENCIÓN DE TÍTULO
Título Sobre un montón de lentejas /
Mención de responsabilidad, etc. Rodolfo Alpízar.
260 ## - PUBLICACIÓN, DISTRIBUCIÓN, ETC.
Lugar de publicación, distribución, etc. Ciudad de La Habana :
Nombre del editor, distribuidor, etc. Unión de Escritores y Artístas de Cuba,
Fecha de publicación, distribución, etc. c1989.
300 ## - DESCRIPCIÓN FÍSICA
Extensión 383 p. ;
Dimensiones 18 cm.
490 0# - MENCIÓN DE SERIE
Mención de serie Manjuarí
650 #4 - PUNTO DE ACCESO ADICIONAL DE MATERIA--TÉRMINO DE MATERIA
Término de materia o nombre geográfico como elemento de entrada Novela cubana
9 (RLIN) 2316
650 #4 - PUNTO DE ACCESO ADICIONAL DE MATERIA--TÉRMINO DE MATERIA
Término de materia o nombre geográfico como elemento de entrada Literatura cubana
9 (RLIN) 1483
830 #0 - PUNTO DE ACCESO ADICIONAL DE SERIE-TÍTULO UNIFORME
Título uniforme Manjuarí
9 (RLIN) 22456
910 ## - DATOS DE OPCIÓN DEL USUARIO (OCLC)
Datos de opción del usuario Catalogación por copia / LC
Holdings
Estado de retiro Estado de pérdida Restricciones de uso No para préstamo Código de colección Localización permanente Ubicación/localización actual Ubicación en estantería Fecha de adquisición Número de inventario Total de préstamos Signatura topográfica completa Código de barras Fecha visto por última vez Precio válido a partir de Tipo de ítem Koha Número de copia
    Préstamo interno   Monografías: Libros y Folletos General General En catalogación 29.09.2009 LF1   Cu863.44 A457s 9408-10 25.06.2020 25.06.2020 Préstamo interno  
    Préstamo restringido Préstamo restrigido Monografías: Libros y Folletos General General En catalogación 29.09.2009 LF1   Cu863.44 A457s 9408-20 25.06.2020 25.06.2020 Préstamo interno e.2
    Préstamo interno   Monografías: Libros y Folletos General General En catalogación 29.09.2009 LF1   Cu863.44 A457s 9408-30 25.06.2020 25.06.2020 Préstamo interno e.3

Powered by Koha